International Borders by Highest Point - Statistics

General Stats
  • This quiz has been taken 19 times
  • The average score is 18 of 26
Answer Stats
Country % Correct
China - Nepal
100%
Bhutan - China
93%
Bhutan - India
93%
China - Pakistan
93%
India - Pakistan
93%
Afghanistan - Pakistan
87%
Argentina - Chile
87%
India - Nepal
87%
China - India
80%
Afghanistan - China
73%
Argentina - Bolivia
73%
Bolivia - Chile
73%
Bolivia - Peru
73%
China - Kyrgyzstan
73%
France - Italy
73%
India - Myanmar
73%
Chile - Peru
67%
Afghanistan - Tajikistan
60%
Canada - United States
60%
China - Myanmar
60%
Georgia - Russia
60%
China - Tajikistan
53%
Kyrgyzstan - Tajikistan
53%
China - Kazakhstan
47%
Kazakhstan - Kyrgyzstan
47%
D.R. Congo - Uganda
13%
No matching quizzes found
Score Distribution
Percent of People with Each Score
Percentile by Number Answered
Your Score History
You have not taken this quiz